|
|
|
|
| LEADER |
00000nab a2200000 a 4500 |
| 001 |
vtls000237191 |
| 003 |
SK-MaSNL |
| 005 |
20260304215505.0 |
| 008 |
250422c1985 xo 0 slo |
| 015 |
|
|
|a SNBRB19rr/mm-uuuuu
|
| 035 |
|
|
|a CL0247305
|
| 035 |
|
|
|a urn:nbn:sk:snk-ab69s
|
| 035 |
|
|
|a (urnnbn)urn:nbn:sk:snk:ar-a03lv7
|
| 035 |
|
|
|a (uuid)3b995469-5cf1-4753-8191-dc6e729bd008
|
| 040 |
|
|
|a SNKBUCL
|b slo
|c SNKBUCL
|e AACR2
|
| 041 |
0 |
|
|a slo
|
| 044 |
|
|
|a xo
|c SK
|
| 080 |
|
|
|a 618.1-002:616.982.2-035.4
|2 1981
|
| 080 |
|
|
|a 616.982.2-035.4
|2 1981
|
| 245 |
0 |
0 |
|a Mycoplasma hominis ako možný etiologický faktor niektorých ochorení ženského genitálu ; Ján Štencl, Viliam Lokša, Jana Javorová, Rudolf Červenka
|
| 300 |
|
|
|b Tb. 1. Res. rus., angl., nem., lit. 5 zázn. v angl.
|
| 650 |
0 |
7 |
|a genitál ženský
|2 snkbucl
|9 1550353
|
| 650 |
0 |
7 |
|a Mycoplasma hominis
|2 snkbucl
|9 1267866
|
| 655 |
|
7 |
|a články z novín a časopisov
|2 snkbucl
|9 267496
|
| 700 |
1 |
|
|a Štencl, Ján,
|d 1940-
|4 aut
|9 201971
|
| 700 |
1 |
|
|a Lokša, Viliam
|4 aut
|9 8580
|
| 700 |
1 |
|
|a Javorová, Jana
|4 aut
|9 1326556
|
| 700 |
1 |
|
|a Červenka, Rudolf
|c (pplk. MUDr.)
|4 aut
|9 256888
|
| 773 |
0 |
|
|t Bratislavské lekárske listy
|g Roč. 84, č. 5 (1985), s. 594-597
|
| 850 |
|
|
|a Slovenská národná knižnica
|
| 852 |
|
|
|a Slovenská národná knižnica
|
| 954 |
|
|
|a odborná, vedecká literatúra pôvodná (slovenská)
|2 lita
|
| 958 |
|
|
|a article27
|
| 958 |
|
|
|a NB
|
| 958 |
|
|
|a RK
|
| 958 |
|
|
|a MI
|
| 958 |
|
|
|a OND
|
| 958 |
|
|
|a EUIPO
|
| 992 |
|
|
|a RBX
|
| 999 |
|
|
|c 3146406
|d 3148336
|